000 00286nam a22001217a 4500
999 _c534141
_d534141
040 _cMSOHAIL
082 _a808.5
100 _aAgha Shorish Kashmiri
_928287
245 _aFunn e Khitabat / فن خطابت
260 _aLahore
_bAl-Faisal
_cc2005
300 _a114;p
942 _2ddc
_cBK